Basketball Hall of Fame - All Players and Coaches - Statistics

General Stats
  • This quiz has been taken 118 times
  • The average score is 65 of 268
Answer Stats
Induction Year Player Position Team(s) % Correct
2009 Michael Jordan G Chicago Bulls & Washington Wizards
95%
2010 Karl Malone F Utah Jazz & Los Angeles Lakers
79%
1998 Larry Bird F Boston Celtics
79%
2001 Moses Malone C Utah Stars, Spirits of St. Louis, Buffalo Braves, Houston Rockets, Philadelphia 76ers, Washington Bullets, Atlanta Hawks, Milwaukee Bucks, San Antonio Spurs
79%
2008 Hakeem Olajuwon C Houston Rockets & Toronto Raptors
75%
2002 Magic Johnson G Los Angeles Lakers
75%
1980 Oscar Robertson PG Cincinnati Royals & Milwaukee Bucks
75%
2010 Scottie Pippen F Chicago Bulls, Houson Rockets, Portland Trail Blazers, Chicago Bulls, Torpan Pojat, Sundsvall Dragons
75%
2016 Shaquille O'Neal C Orlando Magic, Los Angeles Lakers, Miami Heat, Phoenix Suns, Cleveland Cavaliers, Boston Celtics
75%
2010 Dennis Johnson G Seattle SuperSonics, Phoenix Suns, Boston Celtics
74%
2010 Gus Johnson F Baltimore Bullets, Phoenix Suns, Indiana Pacers
74%
1964 John Russell G (Numerous American Basketball League Teams)
74%
1977 William Johnson C University of Kansas
74%
2016 Allen Iverson G Philadelphia 76ers, Denver Nuggets, Detroit Pistons, Memphis Grizzlies, Besiktas J.K.
73%
1995 Kareem Abdul-Jabbar C Milwaukee Bucks & Los Angeles Lakers
73%
1971 Bob Cousy G Boston Celtics & Cincinnati Royals
71%
2009 David Robinson C San Antonio Spurs
71%
1980 Jerry West G Los Angeles Lakers
71%
2009 John Stockton G Utah Jazz
71%
1993 Julius Erving F Virginia Squires, New York Nets, Philadelphia 76ers
70%
2008 Patrick Ewing C New York Knicks, Seattle SuperSonics, Orlando Magic
70%
2006 Charles Barkley F Philadelphia 76ers, Phoenix Suns, Houston Rockets
69%
1995 Cheryl Miller F University of Southern California
68%
2000 Isiah Thomas G Detroit Pistons
68%
1988 Ralph Miller Coach Wichita State University, University of Iowa, Oregon State University
68%
2012 Reggie Miller G Indiana Pacers
68%
2007 Phil Jackson Coach New Jersey Nets (asst.), Albany Patroons, Chicago Bulls, Los Angeles Lakers
64%
1983 Dean Smith Coach University of Kansas (asst.), United States Air Force Academy (asst.), University of North Carolina at Chapel Hill
62%
2006 Dominique Wilkins F Atlanta Hawks, Los Angeles Clippers, Boston Celtics, Panathinaikos, San Antonio Spurs, Fortitudo Bologna, Orlando Magic
62%
1999 Kevin McHale F Boston Celtics
62%
1989/1998 Lenny Wilkins G & Coach St. Louis Hawks, Seattle Supersonics, Cleveland Cavaliers, Portland Trail Blazers...Seattle SuperSonics (Coach), Portland Trail Blazers (Coach), Cleveland Cavaliers (Coach), Atlanta Hawks (Coach), Toronto Raptors (Coach), New York Knicks (Coach)
62%
2003 Robert Parish C Golden State Warriors, Boston Celtics, Charlotte Hornets, Chicago Bulls
62%
2004 Clyde Drexler G Portland Trail Blazers & Houston Rockets
61%
2011 Dennis Rodman F Detroit Pistons, San Antonio Spurs, Chicago Bulls, Los Angeles Lakers, Dallas Mavericks, Long Beach Jam, Fuerza Regia, Orange County Crush, Tijuana Dragons, Torpan Pojat, Brighton Bears
61%
2003 James Worthy F Los Angeles Lakers
61%
1989 K.C. Jones G Boston Celtics
61%
1984 Sam Jones G Boston Celtics
61%
1984 John Havlicek F Boston Celtics
60%
1993 Bill Walton C/F Portland Trail Blazers, San Diego/Los Angeles Clippers, Boston Celtics,
58%
2014 Alonzo Mourning C Charlotte Hornets, Miami Heat, New Jersey Nets
56%
2015 Dikembe Mutombo C Denver Nuggets, Atlanta Hawks, Philadelphia 76ers, New Jersey Nets, New York Knicks, Houston Rockets
56%
2011 Chris Mullin F Golden State Warriors & Indiana Pacers
55%
1996 David Thompson G/F Denver Nuggets & Seattle SuperSonics
55%
1962 John Thompson F Montana State University
55%
1999 John Thompson Coach Georgetown University
55%
2016 Yao Ming C Shanghai Sharks & Houston Rockets
55%
1987 Walt Frazier G New York Knicks & Cleveland Cavaliers
53%
1977 Elgin Baylor F Minneapolis/Los Angeles Lakers
52%
2013 Gary Payton G Seattle SuperSonics, Milwaukee Bucks, Los Angeles Lakers, Boston Celtics, Miami Heat
52%
2014 Gary Williams Coach Lafayette College (asst.), Boston College (asst.), American University, Boston College, Ohio State University, Univeristy of Maryland
52%
1959 George Mikan C Chicago American Gears & Minneapolis Lakers
52%
2015 Jo Jo White G Boston Celtics, Golden State Warriors, Kansas City Kings
52%
2002 Larry Brown Coach University of North Carolina at Chapel Hill, Carolina Cougars, Denver Nuggets, University of California, Los Angeles, New Jersey Nets, University of Kansas, San Antonio Spurs, Los Angeles Clippers, Indiana Pacers, Philadelphia 76ers, Detroit Pistons, New York Knicks, Charlotte Bobcats, Southern Methodist University
52%
1992 Nera White F Nasville Business College
52%
1987 Pete Maravich G Atlanta Hawks, New Orleans/Utah Jazz, Boston Celtics
52%
2013 Roger Brown G/F Indiana Pacers, Memphis Sounds, Utah Stars
52%
2007 Roy Williams Coach University of Kansas & University of North Carolina at Chapel Hill
52%
1988 Wes Unseld C/F Baltimore/Capital/Washington Bullets
52%
1982 Willis Reed C New York Knicks
52%
1979 Wilt Chamberlain C Harlem Globetrotters, Philadelphia/San Francisco Warriors, Philadelphia 76ers, Los Angeles Lakers
52%
1996 George Gervin G Virginia Squires, San Antonio Spurs, Chicago Bulls, Banco Roma, Quad City Thunder, TDK Manresa
51%
1991 Dave Cowens C/F Boston Celtics & Milwaukee Bucks
49%
1971 Bob Pettit F Milwaukee/St. Louis Hawks
48%
2008 Pat Riley Coach Los Angeles Lakers, New York Knicks, Miami Heat
48%
2017 Tracy McGrady G/F Toronto Raptors, Orlando Magic, Houston Rockets, New York Knicks, Detroit Pistons, Atlanta Hawks, Qingdao DoubleStar Eagles, San Antonio Spurs
47%
2000 Bob McAdoo C/F Buffalo Braves, New York Knicks, Boston Celtics, Detroit Pistons, New Jersey Nets, Los Angeles Lakers, Philadelphia 76ers, Olimpia Milano, Filanto Forlì, Teamsystem Fabriano
45%
1979 Sam Barry Coach Knox College, University of Iowa, University of Southern California
45%
1990 Elvin Hayes F/C San Diego/Houston Rockets & Baltimore/Capital/Washington Bullets
44%
1987 Rick Barry F San Francisco/Golden State Warriors, Oakland Oaks/Washington Caps, New York Nets, Houston Rockets
44%
1991 Bob Knight Coach United States Military Academy, Indiana University, Texas Tech University
43%
1991 Nate Archibald G Cincinnati Royals/Kansas City-Omaha Kings/Kansas City Kings, New York Nets, Buffalo Braves, Boston Celtics, Milwaukee Bucks
43%
1969 Red Auerbach Coach Washington Capitals, Tri-Cities Blackhawks, Boston Celtics
40%
2001 Mike Krzyzewski Coach Indiana University (asst.), United States Military Academy, Duke University
39%
1983 Bill Bradley F/G Olimpia Milano & New York Knicks
38%
2013 Bernard King F New Jersey Nets, Utah Jazz, Golden State Warriors, New York Knicks, Washington Bullets
35%
2002 Dražen Petrović G Šibenka, Cibona, Real Madrid, Portland Trail Blazers, New Jersey Nets
35%
1980 Jerry Lucas F/C Cincinnati Royals, San Francisco Warriors, New York Knicks
35%
1960/1973 John Wooden G & Coach Purdue University & Indianapolis Katuskys...Indiana State University (Coach) & University of California, Los Angeles (Coach)
35%
2011 Artis Gilmore C Kentucky Colonels, Chicago Bulls, San Antonio Spurs, Boston Celtics, Arimo Bologna
34%
1992 Bob Lanier C Detroit Pistons & Milwaukee Bucks
34%
1973 Dolph Schayes F/C Syracuse Nationals/Philadelphia 76ers
34%
1990 Earl Monroe G Baltimore Bullets & New York Knicks
34%
2009 Jerry Sloan Coach Chicago Bulls & Utah Jazz
34%
1985 Nate Thurmond C/F San Francisco/Golden State Warriors, Chicago Bulls, Cleveland Cavaliers
34%
1986 Tom Heinsohn F Boston Celtics
34%
1994 Chuck Daly Coach Duke (asst.), Boston College, University of Pennsylvania, Philadelphia 76ers (asst.), Cleveland Cavaliers, Detroit Pistons, New Jersey Nets, Orlando Magic
32%
1990 Dave Bing G Detroit Pistons, Washington Bullets, Boston Celtics
32%
1983 Dave DeBusschere F Detroit Pistons & New York Knicks
32%
2012 Ralph Sampson C Houston Rockets, Golden State Warriors, Sacramento Kings, Washington Bullets, Unicaja Ronda, Rockford Lightning
32%
2008 Adrian Dantley F Buffalo Braves, Indiana Pacers, Los Angeles Lakers, Utah Jazz, Detroit Pistons, Dallas Mavericks, Milwaukee Bucks
31%
2014 Mitch Richmond G Golden State Warriors, Sacramento Kings, Washington Wizards, Los Angeles Lakers
31%
1969 Adolph Rupp Coach University of Kentucky
30%
1986 Billy Cunningham F Philadelphia 76ers & Carolina Cougars
30%
2005 Jim Boeheim Coach Syracuse University
30%
1978 Paul Arizin F Philadelphia Warriors & Camden Bullets
30%
1993 Calvin Murphy G San Diego/Houston Rockets
29%
1960 Charles Murphy C Purdue University, Chicago Bruins, Indianapolis Katuskys
29%
1976/2004 Bill Sharman G & Coach Washington Capitals & Boston Celtics...Cleveland Pipers (Coach), San Francisco Warriors (Coach), Los Angeles/Utah Stars (Coach), Los Angeles Lakers (Coach)
27%
2012 Chet Walker F Syracuse Nationals/Philadelphia 76ers & Chicago Bulls
27%
2013 Rick Pitino Coach University of Hawaii (Interim HC), Syracuse (asst.), Boston University, New York Knicks, Providence College, Kentucky, Boston Celtics, University of Louisville
27%
2012 Don Nelson Coach Milwaukee Bucks, Golden State Warriors, New York Knicks, Dallas Mavericks, Golden State Warriors
26%
1982 Hal Greer G Syracuse Nationals/Philadelphia 76ers
25%
2005 Jim Calhoun Coach Northeastern University & University of Connecticut
25%
2000 Pat Summitt Coach University of Tennessee
25%
1992 Connie Hawkins F/C Pittsburgh Rens, Harlem Globetrotters, Pittsburgh/Minnesota Pipers, Phoenix Suns, Los Angeles Lakers, Atlanta Hawks
23%
2015 Lisa Leslie C University of Southern California & Los Angeles Sparks
23%
1997 Denise Curry F University of California, Los Angeles & Stade Francais
22%
1978 Joe Fulks F Philadelphia Warriors
22%
2015 John Calipari Coach University of Kansas (asst.), University of Pittsburgh (asst.), University of Massachusetts Amherst, New Jersey Nets, Philadelphia 76ers (asst.), University of Memphis, University of Kentucky
22%
2001 John Chaney Coach Cheyney State College & Temple University
22%
1982 Slater Martin G Minneapolis Lakers, New York Knicks, St. Louis Hawks
22%
1993 Walt Bellamy C Chicago Packers/Zephyrs/Baltimore Bullets, New York Knicks, Detroit Pistons, Atlanta Hawks, New Orleans Jazz
22%
2010 Bob Hurley Coach St. Anthony High School
21%
2012 Jamaal Wilkes F Golden State Warriors, Los Angeles Lakers, Los Angeles Clippers
21%
2014 Nolan Richardson Coach Western Texas College, University of Tulsa, University of Arkansas, Tulsa Shock
21%
1985 Margaret Wade Coach Delta State University
19%
2013 Oscar Schmidt F Palmeiras, Sírio, Caserta, Pavia, Valladolid, Corinthians, Bandeirantes, Barueri, Flamengo
19%
1992 Al McGuire Coach Dartmouth College (asst.), Belmont Abbey College, Marquette University
18%
1974 Ernest Schmidt F Kansas State Teachers College of Pittsburgh
18%
1977 Frank McGuire Coach St. John's University, University of North Carolina at Chapel Hill, Philadelphia Warriors, University of South Carolina
18%
1990 Neil Johnston C Philadelphia Warriors & Pittsburgh Rens
18%
2013 Richie Guerin G New York Knicks & St. Louis/Atlanta Hawks
18%
2016 Sheryl Swoopes G Texas Tech University, Houston Comets, Seattle Storm, Tulsa Shock
18%
2015 Spencer Haywood F Houston Rockets, Seattle SuperSonics, New York Knicks, New Orleans Jazz, Los Angeles Lakers, Reyer Venezia, Washington Bullets
18%
2016 Tom Izzo Coach Northern Michigan University (asst.) & Michigan State
18%
2006 Geno Auriemma Coach Saint Joseph's University (asst.), University of Virginia (asst.), University of Connecticut
17%
2013 Guy Lewis Coach University of Houston
17%
1992 Lusia Harris-Stewart C Delta State University & Houston Angels
17%
2002 Lute Olson Coach California State University, Long Beach, University of Iowa, University of Arizona
17%
1979 Ray Meyer Coach DePaul University
17%
1982 Frank Ramsey F/G Boston Celtics
14%
2017 George McGinnis F/C Indiana Pacers, Philadelphia 76ers, Denver Nuggets
14%
1996 George Yardley F/G Fort Wayne/Detroit Pistons, Syrcause Nationals, Los Angeles Jets
14%
2013 Jerry Tarkanian Coach Riverside City College, Pasadena City College, California State University, Long Beach, University of Nevada, Las Vegas, San Antonio Spurs, California State University, Fresno
14%
1986 Red Holzman Coach Milwaukee/St. Louis Hawks, New York Knicks, Leones de Ponce
14%
1995 Vern Mikkelsen F/C Minneapolis Lakers
14%
1983 Jack Twyman F Rochester/Cincinnati Royals
13%
1996 Nancy Lieberman G Dallas Diamonds, Springfield Fame, Long Island Knights, Phoenix Mercury, Detroit Shock
13%
1976 Tom Gola G/F Philadelphia/San Francisco Warriors & New York Knicks
13%
1997 Bailey Howell F Detroit Pistons, Baltimore Bullets, Boston Celtics, Philadelphia 76ers
12%
2013 Dawn Staley G University of Virginia, Richmond/Philadelphia Rage, Charlotte Sting, Houston Comets
12%
1960 Ed Macauley C/PF St. Louis Bombers/Hawks & Boston Celtics
12%
2014 Guy Rodgers G Philadelphia/San Francisco Warriors, Chicago Bulls, Cincinnati Royals, Milwaukee Bucks
12%
1985 Harold Anderson Coach Bowling Green State University & University of Toledo
12%
1969 Henry Iba Coach Northwest Missouri State University, University of Colorado, Oklahoma State University
12%
2012 Mel Daniels C Minnesota Muskies, Indiana Pacers, Memphis Sounds, New York Nets
12%
1992 Sergei Belov G Uralmash Sverdlovsk & CSKA Moscow
12%
1970 Bob Davies G/F Brooklyn Indians/Gothams & Rochester Royals
10%
1978 Cliff Hagan F St. Louis Hawks & Dallas Chaparrals
10%
1994 Denny Crum Coach University of California, Los Angeles (asst.), Los Angeles Pierce College, University of Louisville
10%
1978 Jim Pollard F Minneapolis Lakers
10%
1966 Joe Lapchick C New York Original Celtics & Cleveland Rosenblums
10%
1992 Lou Carnesecca Coach St. John's University & New York Nets
10%
1995 Anne Donovan C Old Dominion University
9%
1988 Clyde Lovellette C/F Phillips 66ers, Minneapolis Lakers, Cincinnati Royals, St. Louis Hawks, Boston Celtics
9%
1997 Don Haskins Coach Texas Western/University of Texas at El Paso
9%
1986 Fred Taylor Coach Ohio State University
9%
1992 Jack Ramsay Coach Saint Joseph's University, Phildelphia 76ers, Buffalo Braves, Portland Trail Blazers, Indiana Pacers
9%
1998 Marques Haynes G Langston University & Harlem Globetrotters
9%
1998 Alex Hannum Coach St. Louis Hawks, Syracuse Nationals, San Francisco Warriors, Philadelphia 76ers, Oakland Oaks, San Diego Rockets, Denver Rockets
8%
2011 Goose Tatum F Harlem Globetrotters
8%
1964 Nat Holman G New York University & New York Original Celtics
8%
1975 Bill Russell C Boston Celtics
6%
1961 Bob Kurland C Oklahoma A&M & Phillips 66ers
6%
1960 Branch McCracken C/F/G Indiana University & Indianapolis Kautskys
6%
1994 Carol Blazejowski G Montclair State College & Allentown Crestettes
6%
1962 Jack McCracken F Northwest Missouri State
6%
1995 John Kundla Coach University of St. Thomas, Minneapolis Lakers, University of Minnesota
6%
2017 Nikos Galis G Aris Thessaloniki & Panathinaikos
6%
1997 Pete Carril Coach Lehigh University, Princeton University, Sacramento Kings (asst.)
6%
2011 Teresa Edwards G University of Georgia, Atlanta Glory, Philadelphia Rage, Minnesota Lynx
6%
1985 Al Cervi G/F Buffalo Bisons, Rochester Royals, Trenton Tigers, Syracuse Nationals
5%
2011 Arvydas Sabonis C Žalgiris Kaunas, Forum Valladolid, Real Madrid, Portland Trail Blazers
5%
1999 Billie Moore Coach California State University, Fullerton & University of California, Los Angeles
5%
2009 C. Vivian Stringer Coach Cheyney State College, University of Iowa, Rutgers University-New Brunswick
5%
1966 Everett Dean Coach Carleton College, Indiana University, Stanford University
5%
1962 Pat Page G University of Chicago
5%
2014 Šarūnas Marčiulionis G Statyba, Golden State Warriors, Seattle SuperSonics, Sacramento Kings, Denver Nuggets
5%
2016 Zelmo Beaty C St. Louis/Atlanta Hawks, Utah Stars, Los Angeles Lakers
5%
1998 Arnie Risen C Indianapolis Kautskys, Rochester Royals, Boston Celtics
4%
2014 Bobby Leonard Coach Chicago Zephyrs/Baltimore Bullets & Indiana Pacers
4%
1987 Bob Houbregs C/F Milwaukee Hawks, Baltimore Bullets, Boston Celtics, Fort Wayne/Detroit Pistons
4%
1994 Buddy Jeannette G Cleveland White Horses, Detroit Eagles, Sheboygan Red Skins, Fort Wayne Pistons, Baltimore Bullets
4%
1964 Bud Foster F University of Wisconsin-Madison & Osh-Kosh All-Stars
4%
1959 Chuck Hyatt G University of Pittsburgh
4%
1982 Clarence Gaines Coach Winston-Salem State University
4%
1959 Hank Luisetti F Stanford University
4%
2011 Herb Magee Coach Philadelphia University/Thomas Jefferson University
4%
2015 Louie Dampier G Kentucky Colonels & San Antonio Spurs
4%
2004 Lynette Woodard G University of Kansas, UFO Schio, Harlem Globetrotters, Cleveland Rockers, Detroit Shock
4%
1972 Marty Friedman G New York Whirlwinds
4%
2011 Tara VanDerveer Coach University of Idaho, Ohio State University, Stanford University
4%
1998 Aleksandar Nikolić Coach Partizan, OKK Beograd, Petrarca Padova, Varese, Crvena zvezda, Fortitudo Bologna, Reyer Venezia, Victoria Libertas, Udinese
3%
1995 Alexander Gomelsky Coach Spartak Leningrad, ASK Riga, CSKA Moscow, Tenerife, CSP Limoges
3%
1961 Andy Phillip G Chicago Stags, Philadelphia Warriors, Fort Wayne Pistons, Boston Celtics
3%
1962 Barney Sedran G Newburgh Tenths, Utica Utes/Indians, Carbondale Pioneers, Brooklyn Trolley Dodgers, Kensington Jaspers, Jersey City Skeeters, Scranton Miners, Albany Senators, New York Whirlwinds, Bridgeport Blue Ribbons, Trenton Tigers, Easthampton Hampers, Mohawk Indians, Cohose Cohosiers, New York Giants, Brooklyn Dodgers, Philadelphia DeNeri, Yonkers Chippewas, Cleveland Rosenblums, Brooklyn Jewels, New York Whirlwinds
3%
1988 Bobby McDermott G Brooklyn Visitations, Baltimore Clippers, Fort Wayne Pistons, Chicago American Gears, Sheboygan Red Skins, Hammond Calumet Buccaneers, Wilkes-Barre Barons, Grand Rapids Hornets
3%
1987 Bobby Wanzer G Rochester Royals
3%
1973 Bruce Drake Coach University of Oklahoma
3%
2016 Cumberland Posey G Pennsylvania State University, Monticello Athletic Association, Duquesne University, Loendi Big Five
3%
2003 Dino Meneghin C Pallacanestro Varèse, Olimpia Milano, Pallacanestro Trieste
3%
1976 Ed Krause C University of Notre Dame
3%
1982 Everett Case Coach North Carolina State University
3%
1997 Joan Crawford C Clarendon Junior College & Nashville Business College
3%
1975 Joe Brennan G Brooklyn Visitations
3%
1959 John Schommer C University of Chicago
3%
2002 Kay Yow Coach Elon University & North Carolina State University
3%
1996 Krešimir Ćosić C Zadar, AŠK Olimpija, Sinudyne Bologna, Cibona
3%
2015 Lindsay Gaze Coach Australian Boomers & Melbourne Tigers
3%
2007 Mirko Novosel Coach Lokomotiva, Cibona, Napoli
3%
1959 Phog Allen Coach Baker University, University of Kansas, Haskell Indian Nations University, Warrensburg Teachers
3%
1968 Slats Gill Coach Oregon State University
3%
1986 Stan Watts Coach Brigham Young University
3%
2013 Sylvia Hatchell Coach University of Tennessee (JV), Francis Marion University, University of North Carolina at Chapel Hill
3%
1981 Tom Barlow C Philadelphia Sphas & Philadelphia Warriors
3%
2010 Ubiratan Pereira Maciel C Clube Espéria, Corinthians, Venezia, Trianon Clube, Sírio, Palmeiras, São José dos Campos
3%
1989 William Gates F Clark Atlanta University, Harlem Renaissance, Harlem Globetrotters
3%
1997 Antonio Díaz-Miguel Coach *(Spanish National Basketball Team)*
1%
1981 Arad McCutchan Coach University of Evansville
1%
1970 Ben Carnevale Coach University of North Carolina at Chapel Hill & United States Naval Academy
1%
1961 Bennie Borgmann G Kingston Colonials & New York Original Celtics
1%
2008 Cathy Rush Coach Immaculata University
1%
1994 Cesare Rubini Coach Olimpia Milano
1%
1961 Christian Steinmetz F University of Wisconsin
1%
1959 Clifford Carlson Coach University of Pittsburgh
1%
2010 Cynthia Cooper-Dyke G University of Southern California, UB-Barca, CREFF Madrid, Houston Comets
1%
1968 Doggie Julian Coach Muhlenberg College, College of the Holy Cross, Boston Celtics, Dartmouth College
1%
2004 Dražen Dalipagić F Partizan, Carrera Venezia, Real Madrid, A.P.U. Udine, Reyer Verona, Glaxo Verona, Crvena zvezda
1%
1969 Dutch Dehnert F New York Original Celtics & Cleveland Rosenblums
1%
1973 Dutch Lonborg Coach McPherson College, Washburn University, Northwestern University
1%
1979 Eddie Hickey Coach Creighton University, Saint Louis University, Marquette University
1%
1972 Edgar Diddle Coach Western Kentucky University
1%
1961 Ed Watcher C Troy Trojans
1%
1960 Ernest Blood Coach Saint Benedict's Prepatory School, United States Military Academy, Potsdam Normal School, Clarkson University
1%
1980 Everett Shelton Coach University of Wyoming & California State University, Sacramento
1%
1961 Forrest DeBernardi C Kansas City Athletic Club, Hillyard Shine Alls, Cook's Painter Boys
1%
1960 Frank Keaney Coach Rhode Island State College
1%
1961 George Keogan Coach Superior Normal School, Saint Louis University, University of St. Thomas, Allegheny College, Valparaiso University, University of Notre Dame
1%
1991 Harry Gallatin F/C New York Knicks & Detroit Pistons
1%
1976 Harry Litwack Coach Temple University
1%
2005 Hortência Marcari G São Caetano Esporte Club, Associação Prudentina, C.A Minercal, C.A Consteca/Sedox, NCNB Ponte Preta, ADC Seara
1%
1968 Howard Cann Coach New York University
1%
1965 Howard Hobson Coach Southern Oregon University, University of Oregon, Yale University
1%
1984 Jack Gardner Coach Kansas State University & University of Utah
1%
1998 Jody Conradt Coach Sam Houston State University, University of Texas at Arlington, University of Texas at Austin
1%
1973 John Beckman G New York Orginial Celtics
1%
2015 John Isaacs G New York Reinassance, Washington Bears, Manhattan Nationals, Hazleton Mountaineers, Utica Olympics
1%
2016 John McLendon Coach North Carolina College for Negroes, Hampton Institute, Tennessee A & I College, Cleveland Pipers, Kentucky State University, Cleveland State University, Denver Rockets
1%
1961 John Roosma G United States Military Academy (Army Black Knights)
1%
2012 Katrina McClain F University of Georgia, Kyoto Petroleum, Sidis Ancona, Valencia, Galatasaray
1%
1964 Ken Loeffler Coach Geneva College, Yale University, University of Denver, St. Louis Bombers, Providence Steamrollers, La Salle University, Texas A&M University
1%
1977 Lauren Gate F University of Oregon & Detroit Eagles
1%
1961 Lenny Sachs Coach Loyola University Chicago
1%
2003 Leon Barmore Coach Louisiana Tech University & Baylor University (asst.)
1%
2012 Lidiya Alekseyeva Coach *(USSR Women's National Team)*
1%
1985 Marv Harshman Coach Pacific Lutheran University, Washington State University, University of Washington
1%
1972 Paul Endacott F University of Kansas
1%
2007 Pedro Ferrándiz Coach Real Madrid & Hesperia
1%
1992 Phil Woolpert Coach University of San Francisco, San Francisco Saints, University of San Diego
1%
1963 Robert Gruenig C Northwestern University, Denver Safeway/Nuggets/American Legion
1%
1975 Robert Vandivier G Franklin College
1%
2006 Sandro Gamba Coach Olimpia Milano, Varese, Auxilium Torino, Virtus Bologna
1%
2005 Sue Gunter Coach Middle Tennessee State University, Stephen F. Austin State University, Louisiana State University
1%
1993 Uljana Semjonova C TTT Riga
1%
2007 Van Chancellor Coach University of Mississippi & Houston Comets
1%
1960 Vic Hanson G Syracuse University & Cleveland Rosenblums
1%
1959 Walter Meanwell Coach University of Wisconsin-Madison & University of Missouri
1%
1960 Ward Lambert Coach Purdue University
1%
No matching quizzes found
Score Distribution
Percent of People with Each Score
Percentile by Number Answered
Your Score History
You have not taken this quiz